banner koha

Hematological disorders detected in dogs infected by Hepatozoon canis in a municipality in Mato Grosso do Sul State, Brazil (Registro n. 329785)

MARC details
000 -LÍDER
fixed length control field 05317nab a2200337 i 4500
003 - CÓDIGO MARC DA AGÊNCIA CATALOGADORA
Campo de controle BR-BrBNA
005 - DATA E HORA DA ÚLTIMA ATUALIZAÇÃO
Campo de controle 20250203112625.0
008 - CAMPO DE TAMANHO FIXO
fixed length control field 250203b2016 bl.|r|pooa||| 00| 0 eng |
040 ## - FONTE DA CATALOGAÇÃO
Agência catalogadora BR-BrBNA
Idioma da catalogação eng
072 ## - CATEGORIA AGRIS
Código AGRIS L50
Código do objeto 5400
072 ## - CATEGORIA AGRIS
Código AGRIS L70
072 ## - CATEGORIA AGRIS
Código AGRIS L73
100 ## - ENTRADA PRINCIPAL - NOME PESSOAL
Nome pessoal Paiz, L.M.
100 ## - ENTRADA PRINCIPAL - NOME PESSOAL
Nome pessoal Silva, R.C.
100 ## - ENTRADA PRINCIPAL - NOME PESSOAL
Nome pessoal Satake, F.
100 ## - ENTRADA PRINCIPAL - NOME PESSOAL
Nome pessoal Fraga, T.L.
245 ## - TÍTULO PRINCIPAL
Título principal Hematological disorders detected in dogs infected by Hepatozoon canis in a municipality in Mato Grosso do Sul State, Brazil
500 ## - NOTA GERAL
Nota geral Publicação online; 26 ref.; Summaries (En, Pt)<br/><br/>
942 ## - ADDED ENTRY ELEMENTS (KOHA)
Koha item type Analítica
520 ## - NOTA DE RESUMO
Nota de conteúdo <br/><br/>ABSTRACT - A retrospective review of hematological reports of nine dogs detected with Hepatozoon canis infection by microscopic examination of blood smears in a laboratory in the municipality of Dourados, Mato Grosso do Sul, Brazil was conducted. This study aimed to evaluate the hematological profile of these infected dogs, in addition to the occurrence of coinfections with other agents that infect blood cells, since studies concerning canine hepatozoonosis in Brazil are scarce and there are some divergences regarding H. canis infection that still require a resolution. The nine cases of H. canis infection were identified among all dogs examined at the studied laboratory in 2009 and 2010, with an occurrence of 7/1,192 (0.59%; 95% CI 0.15 - 1.02%) positive dogs in the first year and 2/1,313 (0.15%; 95% CI 0.02 – 0.55%) cases in 2010. The analysis of the hematological reports showed an occurrence of coinfection between H. canis and other agents in two (2/9; 22.22%; 95% CI 2.81 – 60.00%) dogs, one with E. canis and another with Babesia spp. (1/9; 11.11%; 95% CI 0.28 – 48.24%). Only the blood test of one dog had no alterations, based on reference values. Anemia was the most frequent hematological alteration (6/9; 66.67%; 95% CI 29.93 – 92.51%). Although the occurrence of H. canis infection was low, significative hematological alterations were observed in most infected dogs. Coinfection with Babesia spp. and E. canis was detected in two dogs and the hematological alterations cannot be attributed exclusively to H. canis in these animals. Longitudinal studies would be of fundamental importance to determine the causality of these alterations. These results highlight the importance of differential diagnosis in dogs when there is clinical suspicion of infection by hemoparasites, since the hematological changes in dogs infected by H. canis are quite variable.<br/><br/><br/>Keywords: Hepatozoon canis, coinfection, anemia, erythrogram, leukogram
520 ## - NOTA DE RESUMO
Nota de conteúdo <br/><br/>RESUMO - Realizou-se estudo retrospectivo de laudos hematológicos de nove cães detectados com infecção por Hepatozoon canis, por meio de exame microscópico de esfregaços sanguíneos, em um laboratório no município de Dourados, Mato Grosso do Sul, Brasil. Este estudo objetivou avaliar o perfil hematológico dos cães infectados, além da ocorrência de coinfecções com outros agentes que infectam células sanguíneas, tendo em vista que estudos a respeito da hepatozoonose canina no Brasil são escassos e que existem algumas divergências a respeito da infecção por H. canis que ainda requerem esclarecimento. Os nove casos de infecção por H. canis foram identificados dentre todos os cães examinados no laboratório estudado, em 2009 e 2010, com uma ocorrência de 7/1.192 (0,59%; IC 95% 0,15 – 1,02%) cães positivos no primeiro ano e de 2/1.313 (0,15%; IC 95% 0,02 – 0,55%) em 2010. A análise dos laudos hematológicos dos nove cães evidenciou a ocorrência de coinfecção entre H. canis e outros agentes em dois (2/9; 22,22%; IC 95% 2,81 – 60,00%) desses cães, um deles com E. canis e outro com Babesia spp. (1/9; 11,11%; IC 95% 0,28 – 48,24%). Apenas o exame sanguíneo de um cão não evidenciou alterações, com base nos valores de referência. Anemia foi a alteração hematológica mais frequentemente observada (6/9; 66,67%; IC 95% 29,93 – 92,51%). Embora a ocorrência de infecções por H. canis neste estudo tenha sido baixa, alterações hematológicas significativas foram observadas na maioria dos cães infectados. Coinfecções com Babesia spp. e E. canis foram observadas em dois cães, não sendo possível atribuir exclusivamente a H. canis as alterações hematológicas detectadas nesses animais. Estudos longitudinais seriam fundamentais para determinar a causalidade dessas alterações. Os resultados ressaltam a importância de realizar diagnóstico diferencial em cães quando há suspeita clínica de infecção por hemoparasitas, uma vez que as alterações hematológicas em cães infectados por H. canis são bastante variáveis.<br/><br/><br/>Palavras-chave: Hepatozoon canis, coinfecção, anemia, eritrograma, leucograma
650 ## - ASSUNTO - THESAGRO
Cabeçalho tópico ou nome geográfico CÃO
650 ## - ASSUNTO - THESAGRO
Cabeçalho tópico ou nome geográfico INFECÇÃO
650 ## - ASSUNTO - THESAGRO
Cabeçalho tópico ou nome geográfico ANEMIA
650 ## - ASSUNTO - THESAGRO
Cabeçalho tópico ou nome geográfico BIOQUÍMICA
650 ## - ASSUNTO - THESAGRO
Cabeçalho tópico ou nome geográfico LEUCOGRAMA
650 ## - ASSUNTO - THESAGRO
Cabeçalho tópico ou nome geográfico VETERINÁRIA
773 0# - ENTRADA ANALÍTICA
Host Biblionumber 1643
Registro do item 348181
Imprenta Belo Horizonte-MG Universidade Federal de Minas Gerais - Escola de Veterinaria 1983
Outro identificador 2025-0670
Título Arquivo Brasileiro de Medicina Veterinária e Zootecnia (Brazil)
ISSN 0102-0935
Colação v. 68(5) p. 1187-1194; (2016)
Número de controle de registro BR2024004650
856 ## - ACESSO E ENDEREÇO ELETRÔNICO
Identificador uniforme de recurso - URI https://www.scielo.br/j/abmvz/a/FDXv8bQ9rwLKBFZZKm5GgRJ/?format=pdf&lang=en

Nenhum exemplar disponível.

BINAGRI

Telefone: (61)3218-2567/2388/3357/2097 - binagri@agro.gov.br

Ministério da Agricultura e Pecuária , Esplanada dos Ministérios, Bloco D, Anexo B, Brasília/DF, CEP: 70.043-900